Medina ó Escenas de la vida árabe / (Record no. 154497)

MARC details
000 -LEADER
campo de control de longitud fija 00754nam a2200217 i 4500
001 - NÚMERO DE CONTROL
campo de control 154497
003 - IDENTIFICADOR DE NÚMERO DE CONTROL
campo de control ES-MaACL
005 - FECHA Y HORA DE LA ÚLTIMA TRANSACCIÓN
campo de control 20230906205744.0
008 - DATOS DE LONGITUD FIJA--INFORMACIÓN GENERAL
campo de control de longitud fija 961110s1868 sp |||| | spa d
040 ## - FUENTE DE CATALOGACIÓN
Centro catalogador/agencia de origen CLM
Lengua de catalogación spa
Centro/agencia transcriptor CCPB | SIC
080 ## - NÚMERO DE LA CLASIFICACIÓN DECIMAL UNIVERSAL
Número de la Clasificación Decimal Universal 821.133.1-31"18"
100 1# - ENTRADA PRINCIPAL--NOMBRE DE PERSONA
Nombre de persona Gondrecourt, Aristide-Henri-Ange de.
9 (RLIN) 127383
245 10 - MENCIÓN DEL TÍTULO
Título Medina ó Escenas de la vida árabe /
Mención de responsabilidad, etc. A. de Gondrecourt ; traduccion de Joaquín Guichot.
260 ## - PUBLICACIÓN, DISTRIBUCIÓN, ETC.
Lugar de publicación, distribución, etc. Sevilla :
Nombre del editor, distribuidor, etc. E. Perié y Compañía, Editores...,
Fecha de publicación, distribución, etc. 1868.
300 ## - DESCRIPCIÓN FÍSICA
Extensión 2 v. ;
Dimensiones 18 cm.
596 ## - NOTA AL PIE DE IMPRENTA
NOTA AL PIE DE IMPRENTA Marca tip. en port.
597 ## - NOTA DE DESCRIPCIÓN FÍSICA
NOTA DE DESCRIPCIÓN FÍSICA Antep.
700 1# - ENTRADA AGREGADA--NOMBRE PERSONAL
Nombre de persona Guichot, Joaquín (
Fechas asociadas al nombre 1820-1906)
9 (RLIN) 151747
740 01 - ENTRADA AGREGADA--TÍTULO RELACIONADO/ANALÍTICO NO CONTROLADO
Título relacionado o analítico no controlado Escenas de la vida árabe.
852 ## - LOCALIZACIÓN
Ubicación ES-MaACL
Número de control de estantería F-9606
Nota libre -- Enc. hol.
-- -- Enc. 2 t. en 1 v.
Holdings
Estatus retirado Estado de pérdida Estado de daño No para préstamo Colección Biblioteca de origen Biblioteca actual Ubicación en estantería Fecha de adquisición Fuente de adquisición Total de préstamos Signatura topográfica completa Código de barras Visto por última vez Precio de reemplazo Tipo de ítem Koha
        Libros del s. XIX Biblioteca del Ateneo de Madrid Biblioteca del Ateneo de Madrid Sala Pecera Planta 2 17/01/2008     F-9606 1161576 23/02/2023 23/02/2023 Libro impreso antiguo